| 000 | 00517nam a22001577a 4500 | ||
|---|---|---|---|
| 082 |
_a621.3 _bJAV |
||
| 100 |
_aJaved, Mohsin (330542) _9122481 |
||
| 245 | _aAnalysis of Direct Torque Control of Induction Motor with Regenerative Braking for an Electric Vehicle / | ||
| 264 |
_aIslamabad : _bUSPCAS-E, NUST _cMarch, 2024. |
||
| 300 |
_axiii, 44 p. _e+CD |
||
| 520 | _aTH-562 | ||
| 650 | _aMS EEP Thesis | ||
| 650 |
_aMS Thesis _918721 |
||
| 700 |
_aSupervisor: Dr. Hassan Abdullah Khalid _9117474 |
||
| 942 |
_2ddc _cTHE |
||
| 999 |
_c608961 _d608961 |
||